Exposición, inaugurada ayer, de cuadros del pintor Eduardo Navarro : (Record no. 193657)
[ view plain ]
| 000 -LEADER | |
|---|---|
| campo de control de longitud fija | 01100nam a2200289 i 4500 |
| 001 - NÚMERO DE CONTROL | |
| campo de control | 193657 |
| 003 - IDENTIFICADOR DE NÚMERO DE CONTROL | |
| campo de control | ES-MaACL |
| 005 - FECHA Y HORA DE LA ÚLTIMA TRANSACCIÓN | |
| campo de control | 20250826063153.0 |
| 007 - CAMPO FIJO DE DESCRIPCIÓN FÍSICA--INFORMACIÓN GENERAL | |
| campo de control de longitud fija | ta |
| 008 - DATOS DE LONGITUD FIJA--INFORMACIÓN GENERAL | |
| campo de control de longitud fija | 240202s1917 sp | |||| 000 spa |
| 040 ## - FUENTE DE CATALOGACIÓN | |
| Centro catalogador/agencia de origen | Es-MaACL |
| 245 00 - MENCIÓN DEL TÍTULO | |
| Título | Exposición, inaugurada ayer, de cuadros del pintor Eduardo Navarro : |
| Resto del título | en el Ateneo de Madrid / |
| Mención de responsabilidad, etc. | [fotografía], Julio Duque |
| 264 #1 - PRODUCCIÓN, PUBLICACIÓN, DISTRIBUCIÓN, FABRICACIÓN Y COPYRIGHT | |
| Producción, publicación, distribución, fabricación y copyright | [Madrid : |
| Nombre del de productor, editor, distribuidor, fabricante | ABC, |
| Fecha de producción, publicación, distribución, fabricación o copyright | 1917] |
| 300 ## - DESCRIPCIÓN FÍSICA | |
| Extensión | 1 página : |
| Otras características físicas | 1 ilustración ; |
| Dimensiones | 30 cm |
| 336 ## - TIPO DE CONTENIDO | |
| Término de tipo de contenido | Texto |
| Fuente | rdacontent |
| 337 ## - TIPO DE MEDIO | |
| Nombre/término del tipo de medio | sin mediación |
| Fuente | rdamedia |
| 338 ## - TIPO DE SOPORTE | |
| Nombre/término del tipo de soporte | volumen |
| Fuente | rdacarrier |
| 500 ## - NOTA GENERAL | |
| Nota general | Fotocopia de la fotografía de la exposición del pintor Eduardo Navarro en el Ateneo de Madrid, publicada en "ABC", 4 de enero de 1917 |
| 600 14 - PUNTO DE ACCESO ADICIONAL DE MATERIA--NOMBRE DE PERSONA | |
| Nombre de persona | Navarro, Eduardo, |
| Fechas asociadas al nombre | 1886-1957 |
| 9 (RLIN) | 235026 |
| 610 2# - PUNTO DE ACCESO ADICIONAL DE MATERIA--NOMBRE DE ENTIDAD CORPORATIVA | |
| Nombre de entidad corporativa o nombre de jurisdicción como elemento de entrada | Ateneo de Madrid- |
| Subdivisión de forma | Exposiciones- |
| Subdivisión cronológica | 1900-1929 |
| 9 (RLIN) | 235150 |
| 655 #4 - TERMINO DE INDIZACIÓN--GENERO/FORMA | |
| Datos o término principal de género/forma | Fotografías |
| 9 (RLIN) | 242033 |
| 700 1# - ENTRADA AGREGADA--NOMBRE PERSONAL | |
| 9 (RLIN) | 235025 |
| Nombre de persona | Duque, Julio, |
| Fechas asociadas al nombre | ca. 1870-1936 |
| Término indicativo de función/relación | Fotógrafo |
| 852 4# - LOCALIZACIÓN | |
| Ubicación | ES-MaACL |
| Ubicación en estantería | Depósito folletos |
| Número de control de estantería | 2347-F-30 |
| itemnumber | 201173 |
| 942 ## - ELEMENTOS DE ENTRADA SECUNDARIOS (KOHA) | |
| Fuente del sistema de clasificación o colocación | Clasificación decimal universal |
| Tipo de ítem Koha | Artículo de prensa |
| Suprimir en OPAC | No |
| Estatus retirado | Estado de pérdida | Fuente del sistema de clasificación o colocación | Estado de daño | No para préstamo | Colección | Biblioteca de origen | Biblioteca actual | Ubicación en estantería | Fecha de adquisición | Total de préstamos | Signatura topográfica completa | Código de barras | Visto por última vez | Tipo de ítem Koha |
|---|---|---|---|---|---|---|---|---|---|---|---|---|---|---|
| Clasificación decimal universal | Exposiciones en el Ateneo | Biblioteca del Ateneo de Madrid | Biblioteca del Ateneo de Madrid | Depósito folletos | 02/02/2024 | 2347-F-30 | 101206586 | 02/02/2024 | Artículo de prensa |
